| 000 | 00867nam a2200277Ia 4500 | ||
|---|---|---|---|
| 005 | 20220316235542.0 | ||
| 008 | 121119s2003 ck gr 000 0 spa | ||
| 020 | _a9584245643 | ||
| 041 | 0 | _aspa | |
| 082 | 0 | 4 |
_a306.872 _bR64p |
| 100 | 1 | _aRojas de Gonzalez, N. | |
| 245 | 1 | 3 |
_aLa pareja _bcómo vivir juntos _cNelly Rojas de González |
| 250 | _aPrimera edición | ||
| 300 |
_a254 páginas _c18 cm |
||
| 490 | 0 |
_aBooket _aDivulgación. Psicología |
|
| 504 | _aIncluye bibliografía | ||
| 650 | 1 | 4 |
_aRelaciones de familia _2LEMB |
| 650 | 1 | 4 |
_aRelaciones de pareja _xAspectos psicológicos _2LEMB |
| 650 | 1 | 4 |
_aPsicoterapia marital _2LEMB |
| 942 |
_2ddc _cBK |
||
| 264 |
_aBogotá _bPlaneta _c2003 |
||
| 336 |
_atexto _btxt _2rdacontent |
||
| 337 |
_asin mediación _bn _2rdamedia |
||
| 338 |
_avolumen _bnc _2rdacarrier |
||
| 040 |
_aCO-BoRNBP _bspa _erda _cCO-BoRNBP |
||
| 999 |
_c1337 _d1337 |
||